Homes to get London to work (Record no. 72074)

MARC details
000 -LEADER
fixed length control field 01019cam a2200229 4500
001 - CONTROL NUMBER
control field ABS66350
008 - FIXED-LENGTH DATA ELEMENTS--GENERAL INFORMATION
fixed length control field 030207n2003 000 0 eng u
035 ## - SYSTEM CONTROL NUMBER
System control number (Sirsi) u121268
100 ## - MAIN ENTRY--PERSONAL NAME
Personal name Carey, T.
245 ## - TITLE STATEMENT
Title Homes to get London to work
260 ## - PUBLICATION, DISTRIBUTION, ETC.
Date of publication, distribution, etc. 2003
490 ## - SERIES STATEMENT
Series statement Estates Gazette
Volume/sequential designation (0301) 4 January 2003, 56-58(3)
520 ## - SUMMARY, ETC.
Summary, etc. Argues for the need to speed up the supply of affordable homes for London key workers to maintain London's economic role. Looks at the spatial development strategy (the mayor's "London plan") and government policy both of which acknowledge that private sector investment is needed to deliver the homes. Details the House Builders Federation's (HBF) recipe for fast-track planning and suggests 10 ways of speeding up construction.
590 ## - LOCAL NOTE (RLIN)
Local note ABS
650 ## - SUBJECT ADDED ENTRY--TOPICAL TERM
Topical term or geographic name entry element LONDON
650 ## - SUBJECT ADDED ENTRY--TOPICAL TERM
Topical term or geographic name entry element SPATIAL DEVELOPMENT STRATEGY
650 ## - SUBJECT ADDED ENTRY--TOPICAL TERM
Topical term or geographic name entry element URBAN DEVELOPMENT CORPORATIONS
650 ## - SUBJECT ADDED ENTRY--TOPICAL TERM
Topical term or geographic name entry element BROWNFIELD DEVELOPMENT
650 ## - SUBJECT ADDED ENTRY--TOPICAL TERM
Topical term or geographic name entry element LONDON PLAN
690 ## - LOCAL SUBJECT ADDED ENTRY--TOPICAL TERM (OCLC, RLIN)
Topical term or geographic name as entry element HOUSING-DEVELOPMENT
942 ## - ADDED ENTRY ELEMENTS (KOHA)
Suppress in OPAC 0
Holdings
Withdrawn status Lost status Source of classification or shelving scheme Damaged status Not for loan Home library Current library Shelving location Date acquired Total Checkouts Full call number Barcode Date last seen Copy number Price effective from Koha item type
    Dewey Decimal Classification     London London Journal article 07/02/2003   ABS66350 121268-1001 06/08/2019 1 06/08/2019 Journal article